00643nam a2200181Ia 4500003000900000008004100009040001600050080002600066110003300092245016100125260005000286300000900336500002800345650002800373650002100401650001800422650002100440IN-BaIIA211028s9999 xx 000 0 eng d cIIA Library a083.7:696.141.18bISI aIndian Standards Institution 0aIndian standard specification for vitreous sanitary appliances (vitreous China)bpt. 3, specific requirement of squatting panscIndian Standards Institution aNew DelhibIndian Standards Institutionc1973 a12p. aIS 2556 : Part 3 : 1973 a Sanitary Appliances  a Squatting Pans a Standards  aNASA Thesaurus